000
00272nam a22001097a 4500
008
170125b xxu||||| |||| 00| 0 eng d
020
_a
9780387241029
041
_a
eng
080
_a
61
245
_a
UNDERSTANDING THE GLOBAL DIMENSIONS OF HEALTH
_c
GUNN, S.W
942
_2
udc
_c
BK
999
_c
3676
_d
3676